000 00757cab a2200253 4500
001 ABS57796
008 090401t1997 xxu||||| |||| 00| 0 eng d
035 _a(Sirsi) u81872
041 _aeng
100 _aMartin, J.
245 _aCleuds and clopuds
260 _c1997
350 _a0
490 _aEstates Gazette
_v(9742) 18 October 1997, 171-172(2)
520 _aConsiders the background to lawful development certificates and considers them in view of a recent case, "Nicholson v SoS Environment".
650 _aBREACH OF CONDITION
650 _aDEVELOPMENT
650 _aLAWFUL DEVELOPMENT CERTIFICATES
650 _aPLANNING LAW
690 _aPLANNING LAW AND PRACTICE
700 _aEdwards, M.
942 _n0
948 _c03/11/1997
999 _c51624
_d51624